A TEXTBOOK OF PATHOPHYSIOLOGY (Record no. 33044)

MARC details
000 -LEADER
fixed length control field 00325nam a22001457a 4500
003 - CONTROL NUMBER IDENTIFIER
control field SGT
020 ## - INTERNATIONAL STANDARD BOOK NUMBER
International Standard Book Number 81-89747-3-7
082 ## - DEWEY DECIMAL CLASSIFICATION NUMBER
Classification number 616.07
Item number BAN
100 ## - MAIN ENTRY--PERSONAL NAME
Personal name BANSAL, RAJPAL
245 ## - TITLE STATEMENT
Title A TEXTBOOK OF PATHOPHYSIOLOGY
260 ## - PUBLICATION, DISTRIBUTION, ETC. (IMPRINT)
Place of publication, distribution, etc INDIA
Name of publisher, distributor, etc BIRLA PUB.
Year of Publication 2026
300 ## - PAGE DESCRIPTION
No. of Pages 655
650 ## - SUBJECT ADDED ENTRY--TOPICAL TERM
Topical term or geographic name as entry element PATHOPHYSIOLOGY
942 ## - ADDED ENTRY ELEMENTS (KOHA)
Source of classification or shelving scheme Dewey Decimal Classification
Koha item type Books
Holdings
Withdrawn status Lost status Source of classification or shelving scheme Damaged status Not for loan Collection code Home library Current library Shelving location Date acquired Vendor Name Cost, normal purchase price Volume Information (Serial or Books or Non-Book Material) SGTU Bill Number Total Checkouts Full call number Accession No. (Barcode) Date last seen Date last borrowed Bill Date Koha item type
    Dewey Decimal Classification     SCIENCE SGT Science & Social Sciences Library SGT Science & Social Sciences Library Text Book 30/10/2025 ABC 590.00 1 SGTU 21721 1 616.07 BAN DP1396 21/04/2026 21/04/2026 17/09/2025 Books
    Dewey Decimal Classification     SCIENCE SGT Science & Social Sciences Library SGT Science & Social Sciences Library Text Book 30/10/2025 ABC 590.00 1 SGTU 21721   616.07 BAN DP1397 30/10/2025   17/09/2025 Books
    Dewey Decimal Classification     SCIENCE SGT Science & Social Sciences Library SGT Science & Social Sciences Library Text Book 30/10/2025 ABC 590.00 1 SGTU 21721   616.07 BAN DP1398 30/10/2025   17/09/2025 Books
    Dewey Decimal Classification     SCIENCE SGT Science & Social Sciences Library SGT Science & Social Sciences Library Text Book 30/10/2025 ABC 590.00 1 SGTU 21721 1 616.07 BAN DP1399 21/04/2026 21/04/2026 17/09/2025 Books
    Dewey Decimal Classification     SCIENCE SGT Science & Social Sciences Library SGT Science & Social Sciences Library Text Book 30/10/2025 ABC 590.00 1 SGTU 21721 1 616.07 BAN DP1400 21/04/2026 21/04/2026 17/09/2025 Books